00236nam a2200109 a 450000500170000000800410001705000130005824500370007150000060010865000060011465000060012020140414132008.0110303s19uu xx 00 eng d aVCDbSN6 aSnow White and the seven dwarfs. a  a  a